Derecho penal: parte especial

Sábháilte in:
Sonraí bibleagrafaíochta
Príomhchruthaitheoirí: Serrano Gómez, Alfonso (Údar), Serrano Maillo, Alfonso (Údar)
Formáid: LEABHAR
Teanga:Spáinnis
Foilsithe / Cruthaithe: Madrid Dykinson 2005
Eagrán:10a. ed
Ábhair:
Clibeanna: Cuir clib leis
Níl clibeanna ann, Bí ar an gcéad duine le clib a chur leis an taifead seo!

MARC

LEADER 00000nam a2200000 a 4500
001 UCJ1112
003 CL-VaPUC
008 060929e20050000SP |||||||||||||||||spa|d
020 |a 849772612X 
082 0 4 |a 345.02  |b SER  |2 21 
100 0 |a Serrano Gómez, Alfonso  |e author  |9 501651 
700 0 |a Serrano Maillo, Alfonso  |e author  |9 501652 
245 1 0 |a Derecho penal: parte especial 
250 |a 10a. ed 
300 |a 1182 P 
942 |c BK 
945 |d 20060929 00:00:00  |a jtorresc 
260 |a Madrid  |b Dykinson  |c 2005 
500 |a www.dykinson.es 
650 7 |a DERECHO PENAL  |2 CL-VaPUC  |9 11 
583 |a last modification  |c 20060929 00:00:00  |k Rodrigo Vera 
999 |c 317825  |d 317823 
952 |0 0  |1 0  |4 0  |6 345_020000000000000_SER_2005  |7 0  |8 A  |9 394799  |a BIBDER  |b BIBDER  |d 2019-11-22  |i 428089K  |o 345.02 SER 2005  |p 428089K  |r 2023-01-25  |w 2019-11-22  |y BK  |k DER